| 000 | 00823cam a2200253 a 4500 | ||
|---|---|---|---|
| 001 | 000009891 | ||
| 005 | 20200929161741.0 | ||
| 008 | 980102s1997 mx 000 0 spa | ||
| 020 | _a9682995795 | ||
| 040 |
_aDO-SdBNP _bspa _cLC _dBNPHU |
||
| 082 |
_aM862.44 _bG643t |
||
| 100 | 1 |
_aGonzález Dávila, Jesús. _924823 |
|
| 240 | 1 | 0 |
_aSelections. _k1997 |
| 245 | 1 | 0 |
_aTrilogía / _cJesús González Dávila ; presentación Gilberto Guerrero. |
| 260 |
_aMéxico, D. F. : _bConsejo Nacional para la Cultura y las Artes, _c1997. |
||
| 300 |
_a129 p. ; _c21 cm. |
||
| 490 | 1 |
_aLecturas Mexicanas _v4 |
|
| 650 | 4 |
_aTeatro mexicano _917662 |
|
| 650 | 4 |
_aLiteratura mexicana _91922 |
|
| 700 | 1 |
_aGuerrero, Gilberto. _924824 |
|
| 830 | 0 |
_aLecturas Mexicanas, _v4 _919857 |
|
| 910 | _aCatalogación por copia / LC | ||
| 049 | _aBNGR | ||
| 999 |
_c9650 _d9650 |
||